Sondage: Pour ou contre... : Les tatouages - Statistiques

Statistiques générales
  • Ce quiz a été pris 66 fois
  • Le résultat moyen est 3 sur 6
Answers on the Grid
Answers color-coded by a green-red scale on the quiz's grid according to % correct below.
Sélectionner
Sélectionner
Sélectionner
Pour
Contre
Je n'ai aucun avis sur la question
Sélectionner
Sélectionner
Sélectionner
 
Statistiques - réponses
Réponse % Correct
Sélectionner
82%
Sélectionner
53%
Sélectionner
44%
Sélectionner
42%
Sélectionner
35%
Sélectionner
33%
Aucun quiz correspondant
Distribution des résultats
% des personnes avec chaque résultat
Percentile par nombre de réponses
Votre historique - résultats
Vous n’avez pas pris ce quiz